000 00888cab a2200265 4500
001 ABS57024
008 090401t1997 xxu||||| |||| 00| 0 eng d
035 _a(Sirsi) u78401
041 _aeng
100 _aPearce, B.
245 _aMore efficient planning appeals - the need for a broader perspective
260 _c1997
350 _a0
490 _aTown & Country Planning
_v66(4) April 1997, 119-121(3)
520 _aExamines the DOE`s consultation paper, "Planning Appeals" on speeding up the appeals process. Considers how appropriate and adequate the proposals are and whether they`ll help to reduce the workload.
650 _aDOE CONSULTATION PAPER
650 _aMEDIATION
650 _aPLANNING APPEALS
650 _aPLANNING PROCEDURE
650 _aREFORM
690 _aPLANNING LAW AND PRACTICE
700 _aBingham, M.
942 _n0
948 _c19/05/1997
999 _c49343
_d49343